000 00396nam a2200169Ia 4500
008 230524s9999 xx 000 0 und d
020 _a0195120647
082 _a621.0382
_bKUO
100 _aBenjamin C.Kuo
245 0 _aDigital Control Systems
250 _a2ND
260 _aMADRAS
_bOxford
_c2003
300 _aXX;751
500 _aQuantity Number: 2
650 _aElectrical
942 _cBK
999 _c7240
_d7240